中華人民共和国 歴代最高指導者 - Statistics

General Stats
  • This quiz has been taken 17 times
  • The average score is 4 of 6
Answer Stats
在任期間 Answer % Correct
1 1949〜1976 毛沢東
100%
5 2012〜 習近平
88%
2 1978〜1989 鄧小平
76%
4 2002〜2012 胡錦濤
65%
3 1989〜2002 江沢民
47%
臨時 1976〜1978 華国鋒
18%
No matching quizzes found
Score Distribution
Percent of People with Each Score
Percentile by Number Answered
Your Score History
You have not taken this quiz